The Lion King - Be Prepared - Missing Lyrics - Statistics

General Stats
  • This quiz has been taken 387 times
  • The average score is 27 of 40
Answer Stats
Character Line Missing Lyric % Correct
Be ________! Prepared
89%
Be ________! Prepared
89%
Be ________! Prepared
89%
My words are a matter of _____ Pride
88%
Are as wet as a _______'s backside Warthog
88%
A shining new ___ Era
87%
Scar Just listen to _______ Teacher
87%
The ______ are not all on upstairs Lights
85%
Is tiptoeing ______ Nearer
85%
It's clear from your ______ expressions Vacant
82%
Shenzi And where do we _______? Feature
81%
But you'll be ________ Rewarded
81%
But we're talking kings and ___________ Successions
78%
So prepare for the ______ of a lifetime Chance
76%
Be prepared for ___________ news Sensational
76%
But _____ as you are, pay attention! Thick
72%
When at last I am given my ____ Dues
71%
Even you can't be caught ________ Unawares
69%
To take certain ______ on board Duties
68%
So be prepared for the coup of the _______ Century
66%
Scar I know that your powers of _________ Retention
66%
YOU WONT GET A _____ WITHOUT ME SNIFF
66%
And seen for the ______ I am Wonder
63%
Meticulous ________ Planning
62%
The ______ is littered with prizes Future
61%
Yes my _____ and ambitions are bared Teeth
61%
Hyenas Yes our _____ and ambitions are bared Teeth
61%
Respected, _______ Saluted
60%
The point that I must _________ is Emphasise
55%
Scar Of course, ____ pro quo, you're expected Quid
55%
With a king who'll be all-time ______ Adored
53%
Decades of ______ Denial
53%
Be prepared for the murkiest ____ Scam
53%
Be king __________ Undisputed
53%
Is ______ why I'll Simply
52%
And _________ deliciously squared Injustice
49%
Tenacity ________ Spanning
48%
Hyenas It's great that we'll soon be _________ Connected
44%
And though i'm the main __________ Addressee
38%
I know it sounds ______ Sorded
27%
No matching quizzes found
Score Distribution
Percent of People with Each Score
Percentile by Number Answered
Your Score History
You have not taken this quiz